đź“– 150 premiers mots "Le portrait de Dorian Gray" Oscar Wilde - Statistiques

Statistiques générales
  • Ce quiz a Ă©tĂ© pris 60 fois
  • Le rĂ©sultat moyen est 52 sur 150
Statistiques - réponses
Mots % Correct
d'
98%
Ă 
92%
l'
88%
Lord
88%
Le
86%
le
86%
Tokyo,
80%
en
76%
et
76%
Et
76%
la
76%
la ...
76%
de
74%
Henry
74%
il
74%
par
66%
Par
66%
les
64%
du
60%
Du
60%
ou
60%
oĂą
60%
des
58%
un
58%
dans
56%
une
56%
était
54%
son
50%
quand
46%
tout
44%
sur
42%
ces
38%
plus
36%
sous
34%
aux
32%
été
30%
porte
30%
dont
26%
leur
26%
fenĂŞtre
24%
Wotton
22%
jardin,
18%
leurs
18%
odeur
18%
parfum
18%
roses
18%
art
16%
beauté.
16%
arbres
14%
brise
14%
ouverte,
14%
venait,
14%
coin
12%
devant
12%
légère
12%
atelier
10%
coussins
10%
délicat
10%
allongé
8%
sofa
8%
embaumait
6%
habitude,
6%
oiseaux
6%
rideaux
6%
apercevait
4%
arĂ´me
4%
cigarettes,
4%
cuir
4%
fumant,
4%
hauts
4%
innombrables
4%
instants,
4%
japonais.
4%
baies,
2%
donner
2%
jade
2%
larges
2%
lilas
2%
lourde
2%
miel
2%
ombres
2%
pâle,
2%
peintures
2%
persan,
2%
poids
2%
riche
2%
visages
2%
aubépines
0%
cytise,
0%
écrasés
0%
effet
0%
effort
0%
fantastiques
0%
fatalement
0%
flamboyant
0%
flexibles
0%
floraison
0%
grappes
0%
immobile,
0%
momentanément
0%
produisaient
0%
projetaient
0%
propre
0%
rameaux
0%
rayonnante
0%
remuait
0%
rougissantes.
0%
selon
0%
semblaient
0%
songeait
0%
sorte
0%
tendait,
0%
tiré
0%
tussor
0%
vols
0%
Aucun quiz correspondant
Distribution des résultats
% des personnes avec chaque résultat
Percentile par nombre de réponses
Votre historique - résultats
Vous n’avez pas pris ce quiz